000 00506cam a2200145 4500500
005 20251228090716.0
041 _afre
042 _adc
100 1 0 _aFaguer, Nicolas
_eauthor
245 0 0 _aPéguy et Alain-Fournier, compagnons de marche
260 _c2015.
500 _a86
786 0 _nBulletin de l’Amitié Charles Péguy | 151 | 3 | 2015-04-10 | p. 195-209 | 0180-8567
856 4 1 _uhttps://shs.cairn.info/revue-bulletin-de-lamitie-charles-peguy-2015-3-page-195?lang=fr&redirect-ssocas=7080
999 _c1602617
_d1602617